Statistics for Phasmophobia Ghost Description Quiz

Click here to take the quiz!

General Stats

  • This quiz has been taken 1,121 times
  • The average score is 17 of 24

Answer Stats

DescriptionGhost% Correct
One of the most famous ghosts, the _______. Known to manipulate objects around it to spread fear into its victims.Poltergeist
91%
A _______ is known to be very shy. There is evidence to suggest that a _______ will stop all paranormal activity if there are multiple people nearby.Shade
89%
A _______ is a demon that thrives on electrical current. While generally calm, they can become agitated when overwhelmed with power.Raiju
87%
A _______ is a very vocal and active ghost. They are rumoured to be quiet when hunting their prey.Myling
85%
_______ have been known to rapidly age over time, even in the afterlife. From what we've learned, they seem to deteriorate faster while within the presence of the living.Thaye
84%
These ghosts have been reported to mimic each other's actions. They alternate their attacks to confuse their prey.The Twins
83%
A _______ is a rare ghost that thrives in the coldest climates. The cold seems to make them more aggressive and empowered.Hantu
82%
_______ are terrifying shape-shifters, capable of taking on many forms. They have been seen taking on humanoid shapes to attract their prey.Obake
80%
_______'s are very common ghosts. They are very powerful, but passive, only attacking when they need to. They defend their place of death to the utmost degree, killing anyone that is caught overstaying their welcome.Spirit
76%
A _______ is a violent ghost that will attack indiscriminately. Their speed can be deceiving, as they are slow while dormant; however, as soon as they hunt they can move incredibly fastRevenant
73%
When a _______ passes through a DOTS projector, using a video camera is the only way to see it.Goryo
67%
_______ have risen from the grave to drain energy from the living. They have been known to place curses on their victims, curable only by antidotes or moving very far away.Moroi
67%
_______ is an elusive, mysterious, copycat ghost that mirrors traits and behaviours from others, including other ghost types.The Mimic
67%
The singing siren, known for attracting its victims through song. It has been known to single out its prey before making a killing blow.Banshee
66%
Sometimes surrounded by an endless fog, _______ have been eluding ghost hunters for years. These ghosts have been reported to find even the most hidden prey, before stalking them into exhaustion.Deogen
66%
_______'s are one of the most dangerous ghosts you will find. It is also the only known ghost that has the ability of flight and has sometimes been known to travel through walls.Wraith
66%
A _______ is the source of all nightmares, making it most powerful in the dark.Mare
65%
A ______ is one of the worst ghosts you can encounter. It has been known to attack without reasonDemon
64%
_______'s love to scare their victims as much as possible before attacking. They are often seen in their physical form, guarding their place of death.Oni
61%
The _______ is often referred to as "The Wrathful Spirit." It steals souls from dying victims' bodies to seek revenge. This ghost has been known to fear any form of fire, and will do anything to be far from it.Onryo
58%
_______ are common ghosts that are attracted to human voices. They can usually be found haunting family homes.Yokai
57%
A _______ is a ghost that can possess the living, inducing fear into those around it. They are most commonly summoned from Ouija Boards.Phantom
52%
A _______ is a territorial ghost that will attack when threatened. It has also been known to travel at significant speed.Jinn
45%
A _______ is a ghost that has returned to the physical world, usually for the purpose of revenge or hatred.Yurei
41%

Score Distribution

Percentile by Number Answered

Percent of People with Each Score

Your Score History

You have not taken this quiz